| 000 | 00968nam a2200217 a 4500 | ||
|---|---|---|---|
| 001 | BRCA_8888 | ||
| 005 | 20190320210440.0 | ||
| 008 | 150617s1775----sp-#######---#000-0#spa-# | ||
| 041 | _aspa | ||
| 044 | _asp | ||
| 084 |
_aCO40 _b.F47 [1775] |
||
| 100 | 1 |
_aFerrer, Vicente _922118 |
|
| 245 | 1 | 0 |
_aSuma moral para examen de curas y confessores _bque a la luz del sol de las escuelas Santo Thomas _cdio al publico el P. M. Fr. Vicente Ferrer; añadida, y dispuesta para uso de principiantes por el M. Fr. Luis Vicente Mas; parte II. |
| 260 |
_aValencia _bPor Francisco burguete, Impressor del Santo Oficio _c[1775] |
||
| 300 |
_a616 p. (t.2) _c21.3 x 15.5 cm |
||
| 500 | _aEstado físico: encuadernación en pergamino con cintas rotas, presencia del pez de plata, carece de portada por lo que se anexa una impresión de la misma | ||
| 650 | 1 | 4 |
_aIglesia católica _yObras anteriores a 1800 _922119 |
| 700 | 1 |
_aLuis vicente Mas _922120 |
|
| 902 | _aCFM | ||
| 942 |
_2lcc _cB |
||
| 999 |
_c8539 _d8539 |
||